000 00725nam a2200241 i 4500
001 34855
003 ES-MaACL
005 20250815145655.0
007 t|
008 030211s1973 sp f |||| | cat d
080 _a37.036
100 1 _aBoix, Esther.
_929890
245 1 0 _aUs ifrenció formativa de l'expressió pláastica /
_cEsther Boix i Ricard Creus.
250 _a1ª ed.
260 _aBarcelona :
_bNova Terra,
_c1973.
300 _a64 p., 2 lám. :
_bil. ;
_c20 cm.
490 1 _aQuaderns d'educació ;
_v4
650 7 _aEducación estética
_2embne
_9158169
700 1 _aCreus, Ricard.
_941572
830 0 _aQuaderns d'educació ;
_v4
_9182275
852 _aES-MaACL
_jC-56032
999 _c34855
_d34855